Responses for show #7014 - Thursday, February 26, 2015

Contestants

Jose Garriga, a communications specialist from Washington, D.C.

Lily Foss, a future law student from Manchester, New Hampshire

Laura Gallo, an internal medicine physician originally from Brooklyn, New York (whose 1-day cash winnings total $8,799)

Jeopardy! Round responses

ROMANIAN HOLIDAY
WORD PUZZLES
THAT '90s SHOW
AVIAN GLOSSARY
AT THIS STAGE
OF THE GAME
    $200 25
(Alex: Less than a minute now.)

skiing

Jose
    $200 13
a love triangle

Jose
    $200 1
Seinfeld

Lily
    $200 4
homing

Lily
    $200 18
deployment

Jose
    $200 7
black and red

Jose
    $400 26
(Jose: What is marriage?)

divorce

LauraJose
    $400 14
(Laura: What is sliced it? [*]?)

sliced his drive

Laura
    $400 2
That '70s Show

Lily
    $400 8
grit

Jose
    $400 19
the larval stage

Lily
    $400 11
castling

Jose
    $600 27
Bucharest

Lily
    $600 15
electromagnetic waves

Laura
    $600 3
Bill & Ted

Jose
    $600 9
brooding

Jose
    $600 20
capitalism

Jose
    $600 22
(Jose: What is Clue?)

Risk

LauraJose
    $800 28
gold

Jose
    $800 16
a reverse mortgage

Jose
    $800 5
(Lily: What is Streets of San Francisco?)

Nash Bridges

Lily
Triple Stumper
    $800 10
migratory

Laura
    $800 21
grief

Laura
    $800 23
get-out-of-jail-free card

Jose
    $1000 29
the Danube

Triple Stumper
    $1000 17
long johns

Lily
    $1000 6
(Lily: Who is Barbara Walters?)

Connie Chung

LauraLily
    $1000 12
(Alex: And what is [*]. [*]. Not fledgling.)

fledging

Triple Stumper
    $1,200 30
(Jose: What is--gosh, no idea. Sorry.)

the oral stage

Jose
    $1000 24
Bandu

Triple Stumper

Scores at the first commercial break (after clue 15):

Laura Lily Jose
$2,800 -$1,000 $2,400

Scores at the end of the Jeopardy! Round:

Laura Lily Jose
$4,600 $1,000 $3,600

Double Jeopardy! Round responses

DRAMA MAMAS
CIVIL WAR HODGEPODGE
FOLK MUSIC
GEOGRAPHIC SAINTS
"V"ERBS
THE BLUES
    $400 1
Glenn Close

Lily
    $400 12
the Gettysburg Address

Lily
    $400 6
"Blowin' In The Wind"

Lily
    $400 7
St. Petersburg

Laura
    $400 17
vibrate

Lily
    $400 22
Avatar

Lily
    $800 2
Uncle Vanya

Triple Stumper
    $800 13
Tecumseh

Laura
    $800 27
Arlo Guthrie

Jose
    $800 8
(Jose: What's St. Louis?)

St. Joseph

Jose
Triple Stumper
    $800 18
vaccinate

Laura
    $800 23
the Blue Man Group

Laura
    $1200 3
Death of a Salesman

Jose
    $1200 14
Andersonville

Laura
    $1200 28
"Georgy Girl"

Jose
    $2,000 9
(Laura: What is Santo Domingo?)
(Alex: No, what is [*]. You had to think a little about Napoleon there.)

St. Helena

Laura
    $1200 19
vandalize

Jose
    $1200 24
Guardians of the Galaxy

Jose
    $1,200 4
A Raisin in the Sun

Jose
    $1600 15
(Jose: Who is Forrest?)

William Quantrill

Jose
Triple Stumper
    $1600 29
(Alex: Lay down your head, because you missed [*].)

the Kingston Trio

Triple Stumper
    $1600 10
St. Bernard (Pass)

Lily
    $1600 20
vilify

Triple Stumper
    $1600 25
(Alex: Less than a minute to go now.)

the colon

Laura
    $2000 5
Picnic

Triple Stumper
    $2000 16
Hampton Roads

Triple Stumper
    $2000 30
Joanna Newsom

Triple Stumper
    $2000 11
St. Lucia

Triple Stumper
    $2000 21
a vamp

Jose
    $2000 26
(Lily: Who are the Celts?)

the Picts

LilyJose

Scores at the end of the Double Jeopardy! Round:

Laura Lily Jose
$8,200 $2,600 $12,000

[wagering suggestions for these scores]

Final Jeopardy! Round responses

FOREIGN LEADERS
LilyWho is Gorbachev
$2,000
LauraWho is Khruschev?
$5,000
JoseWho was Khruschev?
$4,401
Khrushchev

Final scores:

Laura Lily Jose
$13,200 $600 $16,401
2nd place: $2,000 3rd place: $1,000 New champion: $16,401

Game dynamics:

Coryat scores:

Laura Lily Jose
$10,200 $2,600 $13,600
13 R,
1 W
(including 1 DD)
12 R,
3 W
20 R
(including 1 DD),
5 W
(including 1 DD)

Combined Coryat: $26,400

The J! Archive is created by fans, for fans. The Jeopardy! game show and all elements thereof, including but not limited to copyright and trademark thereto, are the property of Jeopardy Productions, Inc. and are protected under law. This website is not affiliated with, sponsored by, or operated by Jeopardy Productions, Inc. Join the discussion at JBoard.tv.